Colección de los decretos y ordenes generales de la primera legislatura de las Cortes ordinarias de 1820 y 1821 desde 6 de julio hasta 9 de noviembre de 1820 / (Record no. 182225)
[ view plain ]
| 000 -LEADER | |
|---|---|
| campo de control de longitud fija | 00862nam a2200181 i 4500 |
| 001 - NÚMERO DE CONTROL | |
| campo de control | 182225 |
| 003 - IDENTIFICADOR DE NÚMERO DE CONTROL | |
| campo de control | ES-MaACL |
| 005 - FECHA Y HORA DE LA ÚLTIMA TRANSACCIÓN | |
| campo de control | 20250809020503.0 |
| 008 - DATOS DE LONGITUD FIJA--INFORMACIÓN GENERAL | |
| campo de control de longitud fija | 130717s1821 sp |||| | spa d |
| 110 1# - ENTRADA PRINCIPAL--NOMBRE DE ENTIDAD CORPORATIVA | |
| Nombre de entidad corporativa o nombre de jurisdicción como elemento de entrada | España. |
| Unidad subordinada | Cortes (1820-1823) |
| 9 (RLIN) | 3660 |
| 245 10 - MENCIÓN DEL TÍTULO | |
| Título | Colección de los decretos y ordenes generales de la primera legislatura de las Cortes ordinarias de 1820 y 1821 desde 6 de julio hasta 9 de noviembre de 1820 / |
| Mención de responsabilidad, etc. | mandada publicar de orden de las mismas. |
| 260 ## - PUBLICACIÓN, DISTRIBUCIÓN, ETC. | |
| Lugar de publicación, distribución, etc. | Madrid : |
| Nombre del editor, distribuidor, etc. | [s.n.], |
| Fecha de publicación, distribución, etc. | 1821 ( |
| Fabricante | En la Imprenta Nacional) |
| 300 ## - DESCRIPCIÓN FÍSICA | |
| Extensión | XXIV, 416 p. ; |
| Dimensiones | 20 cm. |
| 500 ## - NOTA GENERAL | |
| Nota general | En port.: Tomo VI. |
| 650 #7 - PUNTO DE ACCESO ADICIONAL DE MATERIA--TÉRMINO DE MATERIA | |
| Término de materia o nombre geográfico como elemento de entrada | Derecho- |
| Subdivisión geográfica | España |
| Fuente del encabezamiento o término | |
| 9 (RLIN) | 141531 |
| 852 ## - LOCALIZACIÓN | |
| Ubicación | ES-MaACL |
| Número de control de estantería | R-3360(1) |
| Nota libre | .- Anotación manuscrita en port.: "Por Real Decreto de 1º de octubre de 1823 quedaron anulados" |
| -- | .- Enc. en un vol. facticio |
| -- | .- Enc. perg. |
| Estatus retirado | Estado de pérdida | Estado de daño | No para préstamo | Colección | Biblioteca de origen | Biblioteca actual | Ubicación en estantería | Fecha de adquisición | Fuente de adquisición | Total de préstamos | Signatura topográfica completa | Código de barras | Visto por última vez | Precio de reemplazo | Tipo de ítem Koha |
|---|---|---|---|---|---|---|---|---|---|---|---|---|---|---|---|
| Libros del s. XIX | Biblioteca del Ateneo de Madrid | Biblioteca del Ateneo de Madrid | Depósito | 17/07/2013 | R-3360(1) | 1191497 | 23/02/2023 | 23/02/2023 | Libro impreso antiguo |
